|
|
|
|
| LEADER |
00000nam a22000007a 4500 |
| 005 |
20170523234049.0 |
| 007 |
cr|||| |||| |
| 008 |
170523s2017 mx |||||s|||| 00||0 spa d |
| 020 |
|
|
|a 978-607-406-883-2
|
| 035 |
|
|
|a 20258
|
| 040 |
|
|
|a vLex
|
| 090 |
|
|
|c 6691
|d 6691
|
| 100 |
1 |
|
|a Luna Guerra, Antonio
|
| 245 |
1 |
0 |
|a Rǧimen fiscal de las actividades agropecuarias 2017
|h [Recurso electrn̤ico] /
|c Antonio Luna Guerra
|
| 256 |
|
|
|a Servicio en ln̕ea
|
| 260 |
|
|
|a Mx̌ico DF:
|b Ediciones Fiscales ISEF,
|c 2017
|
| 300 |
|
|
|a 1 recurso electrn̤ico
|
| 500 |
|
|
|a Este libro, RÉGIMEN FISCAL DE LAS ACTIVIDADES AGROPECUARIAS, muestra de manera prc̀tica el trato especial y diferente a nivel interno como externo que tiene el rǧimen de actividades agropecuarias con los dems̀ contribuyentes de actividades comerciales o industriales, e incluye tambiň las actividades silvc̕olas y pesqueras, para poder llevar a cabo un adecuado esquema de los tributos en Mx̌ico.
|
| 506 |
1 |
|
|a Disponible solo en los productos indicados
|d vLex Global
|d vLex Global (Academic Edition, excluding Law Schools)
|d vLex Global (U.S. Academic Edition, Law Schools)
|d vLex Global (U.S. Academic Edition, excluding Law Schools)
|d vLex Global (Academic Edition, Law Schools)
|
| 650 |
0 |
4 |
|a Derecho Fiscal
|z Mx̌ico
|
| 740 |
0 |
|
|a vLex Libros (Servicio en ln̕ea)
|
| 856 |
4 |
0 |
|u http://vlex.com/source/regimen-fiscal-de-las-actividades-agropecuarias-2017-20258
|z Acceso restringido
|
| 942 |
|
|
|c BOOK
|
| 999 |
0 |
|
|a Tax Law
|